Inspections and reports on dwellings reporting for buyers (Record no. 104030)

MARC details
000 -LEADER
fixed length control field 01888cam a22003015a 4500
001 - CONTROL NUMBER
control field L128873
008 - FIXED-LENGTH DATA ELEMENTS--GENERAL INFORMATION
fixed length control field 050223s2007 xxk f 0001 0 eng d
020 ## - INTERNATIONAL STANDARD BOOK NUMBER
International Standard Book Number 0728204495
035 ## - SYSTEM CONTROL NUMBER
System control number (Sirsi) u128873
041 0# - LANGUAGE CODE
Language code of text/sound track or separate title eng
050 04 - LIBRARY OF CONGRESS CALL NUMBER
Classification number 690.2 $2 18
100 1# - MAIN ENTRY--PERSONAL NAME
Personal name Melville, Ian A.
245 00 - TITLE STATEMENT
Title Inspections and reports on dwellings reporting for buyers
260 ## - PUBLICATION, DISTRIBUTION, ETC.
Place of publication, distribution, etc. London
Name of publisher, distributor, etc. Estates Gazette
Date of publication, distribution, etc. 2007
300 ## - PHYSICAL DESCRIPTION
Extent 221p.
Dimensions 25cm.
490 #0 - SERIES STATEMENT
Series statement Estates Gazette Inspections and Reports on Dwellings
505 2# - FORMATTED CONTENTS NOTE
Formatted contents note Site notes and reports in outline -- Mortgage valuation reports -- RICS homebuyer survey and valuation report -- Building survey reports -- The valuation -- Appendix 1 Sample mortgage valuation report -- Appendix 2 Sample homebuyer survey and valuation report: house -- Appendix 3 Sample homebuyer survey and valuation report: flat -- Appendix 4 Sample building survey report: house.
520 ## - SUMMARY, ETC.
Summary, etc. The third volume of a series shows how, after the assessment of the age and the inspection of a dwelling, the findings can be set out in a clear and unambiguous manner. Details how this objective can be achieved for three types of report, mortgage valuation, homebuyer survey and building survey reports, all of which are subject to mandatory guidance from RICS and, where a market value is required, also by the Council of Mortgage Lenders. Stresses that the need to include home condition reports in seller?s Home Information Packs illustrates the importance of producing reports to a good standard.
520 ## - SUMMARY, ETC.
Summary, etc. Replaced by 2 ed 2016 9780415732215
590 ## - LOCAL NOTE (RLIN)
Local note KA
650 24 - SUBJECT ADDED ENTRY--TOPICAL TERM
Topical term or geographic name entry element RICS HOMEBUYER SURVEY AND VALUATION REPORT
651 #4 - SUBJECT ADDED ENTRY--GEOGRAPHIC NAME
Geographic name England and Wales
Chronological subdivision 1543-
690 ## - LOCAL SUBJECT ADDED ENTRY--TOPICAL TERM (OCLC, RLIN)
Topical term or geographic name as entry element BUILT ENVIRONMENT-BUILDING INSPECTION
690 ## - LOCAL SUBJECT ADDED ENTRY--TOPICAL TERM (OCLC, RLIN)
Topical term or geographic name as entry element PROPERTY-RESIDENTIAL PROPERTY-RESIDENTIAL PROPERTY APPRAISAL AND VALUATION
700 1# - ADDED ENTRY--PERSONAL NAME
Personal name Gordon, Ian A.
942 ## - ADDED ENTRY ELEMENTS (KOHA)
Suppress in OPAC 0
Holdings
Withdrawn status Lost status Source of classification or shelving scheme Damaged status Not for loan Home library Current library Shelving location Date acquired Cost, normal purchase price Total Checkouts Full call number Barcode Date last seen Date last checked out Copy number Cost, replacement price Price effective from Koha item type
    Dewey Decimal Classification     London London Basement 19/03/2007 26.77 25 BASEMENT 61 30073690 06/08/2019 07/09/2009 1 26.77 06/08/2019 Book